Foundations of Global Financial Markets and Institutions 5/e

Guardat en:
Dades bibliogràfiques
Autor principal: Fabozzi
Format: Llibre
Publicat: MIT Press
Etiquetes: Afegir etiqueta
Sense etiquetes, Sigues el primer a etiquetar aquest registre!

MARC

LEADER 00000nam a2200000Ia 4500
005 20260513122052.0
020 |a 9780262039543 
100 |a Fabozzi 
365
365 |b 25.00 
942 |c BK 
245 |a Foundations of Global Financial Markets and Institutions 5/e 
260 |b MIT Press 
999 |c 69  |d 69 
952 |0 0  |1 0  |4 0  |7 0  |a UNSW  |b UNSW  |d 2026-05-06  |g 145.00  |i 16682  |l 0  |p 000132  |r 2026-05-13 12:20:52  |v 145.00  |w 2026-05-13  |y BK